01460nab a22002417a 4500999001500000003000400015005001700019008004100036040000700077100003000084245006900114260007300183300001300256500004400269505053800313505009000851650002900941650002000970650005000990650001901040773014601059942001301205 c5387d5387OSt20250310093756.0190604e xxu||||| |||| 00| 0 spa d cPJ 95368aGómez, Julio Luis13aEl reconocimiento de la persona por nacer /cJulio Luis Gómez. aCiudad Autónoma de Buenos Aires :bThomson Reuters La Ley, c2025. ap. 73-80 aCita Online: TR LALEY AR/DOC/2769/2024. aSumario: I. Antecedentes. Su fundamento.— II. Ámbito de operatividad.— III. El reconociente.— IV. El reconocido.— V. Formas del reconocimiento.— VI. Quid de la acreditación del embarazo de la madre como requisito para la inscripción del reconocimiento.— VII. Notificación del reconocimiento.— VIII. Efectos.— IX. Reconocimiento de la persona por nacer y nacimiento como hijo matrimonial.— X. Nulidad e impugnación del reconocimiento de la persona por nacer.— XI. El nacimiento sin vida del reconocido.  t¿Te interesa el texto completo? Solicitalo al correo: koha@justierradelfuego.gov.ar  094383aPERSONAS POR NACER 091004aFILIACION 096358aRECONOCIMIENTO DE HIJO EXTRAMATRIMONIAL 094897aEMBARAZO0 0271493171dCiudad Autónoma de Buenos Aires : Thomson Reuters La Ley, 2014-tRevista anales de legislación argentina. Nº 3 - Marzo 2025. 2udccANA